000 00461nam a2200193Ia 4500
003 0100
008 130227s9999 xx 000 0 und d
040 _cARRUPELIB
050 _aHB171.5.H323
100 _aHanson, J. L.
_923575
245 2 _aA textbook of Economics
250 _a7th ed.
260 _aLondon
260 _bPitman Publishers
_c1977
300 _axxii
300 _b 604p. 21cm.
650 _aEconomics
_923576
942 _2lcc
_01
_cMONOGRAPH
999 _c3665
_d3665